[Event "26. Offene Hamburger SEM 2019 65+"]
[Site "Hamburg"]
[Date "2019.11.17"]
[Round "7.18"]
[White "Hinke, Gerhard"]
[Black "Hinrichs, Winfried"]
[Result "1-0"]
[WhiteElo "1470"]
[BlackElo "1424"]
[PlyCount "71"]
[EventDate "2019.??.??"]
[WhiteTeam "Mummelmannsberger SV"]
[BlackTeam "Langenhorner SF 1928"]

{[%evp 0,63,19,38,46,20,20,0,40,41,35,27,33,18,18,-2,-2,10,-7,-7,63,103,53,53,256,237,346,346,381,381,553,544,506,464,1023,569,473,488,514,461,512,461,453,469,463,364,464,451,494,499,535,535,538,538,534,534,570,481,577,563,646,598,805,618,1214,843]} 1. e4 c5 2. d4 cxd4 3. c3 dxc3 4. Nxc3 d6 5. Nf3 Nc6 6. Bc4 e6 7. O-O Be7 8. Qe2 Nf6 9. Rd1 O-O 10. e5 Ne8 11. exd6 Nxd6 12. Bf4 a6 13. Ne4 e5 14. Nxe5 Bd7 15. Nxd6 Nxe5 16. Bxe5 Qb6 17. Bb3 Be6 18. Bxe6 fxe6 19. Bg3 Bxd6 20. Qxe6+ Kh8 21. Qxd6 Qxb2 22. Qd2 Qb6 23. Rab1 Qf6 24. Rxb7 Rfd8 25. Rd7 Rxd7 26. Qxd7 Rf8 27. h3 h5 28. Qd4 Qg6 29. Rd3 Rc8 30. Kh2 Rc2 31. a4 Qc6 32. Rf3 Rc4 33. Rf8+ Kh7 34. Qd3+ g6 35. Be5 Qe6 36. Rh8# 1-0

[Event "26. Offene Hamburger SEM 2019 65+"]
[Site "Hamburg"]
[Date "2019.11.17"]
[Round "7.19"]
[White "Thomann, Reinhard"]
[Black "Paulsen, Helmut"]
[Result "1-0"]
[WhiteElo "1050"]
[BlackElo "1450"]
[PlyCount "51"]
[EventDate "2019.??.??"]
[WhiteTeam "SchVgg Blankenese von 1923 eV"]
[BlackTeam "FC St Pauli 1910 eV SAbt"]

{[%evp 0,46,17,17,20,-17,-17,-14,-1,6,52,28,47,-3,-3,-77,-23,-41,-29,-42,-42,-44,61,-187,61,-19,385,187,202,108,437,466,417,417,889,730,692,684,328,332,715,795,1808,1816,1820,1940,2193,2290,2298]} 1. d4 d5 2. c4 e6 3. Nc3 Nf6 4. Nf3 b6 5. e3 Bb7 6. Ne5 Nbd7 7. Bd3 dxc4 8. Nxc4 Bxg2 9. Rg1 Bb7 10. e4 c5 11. Bg5 Be7 12. e5 Nd5 13. Bxe7 Kxe7 14. Rxg7 Qf8 15. Qg4 Kd8 16. Nd6 cxd4 17. Nxf7+ Kc7 18. Nb5+ Kb8 19. Nxh8 Qb4+ 20. Kf1 Nxe5 21. Rg8+ Bc8 22. Qxe6 Qc5 23. Qxe5+ Kb7 24. Nd6+ Kc7 25. Nxc8+ Kb7 26. Nd6+ 1-0

[Event "26. Offene Hamburger SEM 2019 65+"]
[Site "Hamburg"]
[Date "2019.11.17"]
[Round "7.20"]
[White "Flader, Willi"]
[Black "Lohkamp, Rolf"]
[Result "1-0"]
[WhiteElo "1319"]
[BlackElo "1266"]
[PlyCount "39"]
[EventDate "2019.??.??"]
[WhiteTeam "SC Schwarz-Weiss Harburg"]
[BlackTeam "Hamburger SK von 1830 eV"]

{[%evp 0,39,19,29,65,71,76,70,66,52,49,43,47,48,54,15,39,20,42,-11,49,3,78,40,28,-22,-19,-12,62,65,161,169,189,155,147,155,595,635,1855,1877,1885,1893]} 1. e4 c6 2. d4 d5 3. e5 Bf5 4. Nc3 e6 5. a3 Nd7 6. Nf3 c5 7. Bd2 cxd4 8. Nxd4 Bg6 9. Nf3 Qb6 10. b4 Bh5 11. Bb5 Qc7 12. Bxd7+ Qxd7 13. O-O d4 14. Ne4 g6 15. h3 Qc6 16. Qe2 Bxf3 17. Qxf3 Bg7 18. Nd6+ Ke7 19. Qxf7+ Kd8 20. Qxg7 1-0

[Event "26. Offene Hamburger SEM 2019 65+"]
[Site "Hamburg"]
[Date "2019.11.17"]
[Round "7.21"]
[White "Springer, Wolfgang Wilhelm"]
[Black "Wang, Huanying"]
[Result "1-0"]
[WhiteElo "1245"]
[BlackElo "967"]
[PlyCount "99"]
[EventDate "2019.??.??"]
[WhiteTeam "Hamburger SK von 1830 eV"]
[BlackTeam "Niendorfer TSV 1919 SAbt"]

{[%evp 0,64,19,-12,0,-10,43,33,57,45,45,16,65,29,70,80,80,46,44,71,68,20,24,14,52,41,61,9,19,-10,4,-32,-32,-37,29,22,74,74,70,59,123,116,127,63,76,-46,29,31,9,13,45,47,78,71,85,60,106,74,86,83,463,477,483,482,1039,1041,1280]} 1. c4 e6 2. Nc3 Be7 3. e4 b6 4. Nf3 Bb7 5. d3 Nc6 6. g3 Bc5 7. d4 Bb4 8. Bg2 Nge7 9. O-O O-O 10. a3 Bxc3 11. bxc3 d6 12. d5 Na5 13. Nd2 Qc8 14. Rb1 Ng6 15. Re1 Ne5 16. Bf1 exd5 17. cxd5 c6 18. c4 cxd5 19. cxd5 Nd7 20. Bh3 Qc7 21. Qg4 Bc8 22. Kg2 Nf6 23. Qe2 Bxh3+ 24. Kxh3 Qd7+ 25. Kg2 Rfc8 26. Bb2 Ne8 27. h3 Qb7 28. Qe3 Rc5 29. Bd4 Rxd5 30. exd5 Qxd5+ 31. Nf3 Qc6 32. Rbc1 Qd7 33. Qe4 Rd8 34. Re3 Kh8 35. Ng5 f5 36. Qd3 Qb7+ 37. f3 Qd7 38. Rce1 Nc6 39. g4 h6 40. Ne6 Ne5 41. Qxf5 Rc8 42. f4 Qa4 43. fxe5 Rc2+ 44. R3e2 Qc6+ 45. Kg1 Rxe2 46. Rxe2 Qc1+ 47. Qf1 Qc4 48. exd6 Nxd6 49. Qf8+ Kh7 50. Qxg7# 1-0

[Event "26. Offene Hamburger SEM 2019 65+"]
[Site "Hamburg"]
[Date "2019.11.17"]
[Round "7.22"]
[White "Krueger, Dietrich"]
[Black "Hofmeier, Arthur"]
[Result "0-1"]
[WhiteElo "1042"]
[BlackElo "1188"]
[PlyCount "80"]
[EventDate "2019.??.??"]
[WhiteTeam "Hamburger SK von 1830 eV"]
[BlackTeam "Hamburger SK von 1830 eV"]

{[%evp 0,64,19,31,32,35,26,0,9,13,31,-17,-1,-26,23,-39,-15,-12,1,-6,14,-12,-4,13,88,129,148,41,38,29,35,-20,19,-653,-633,-1327,-1379,-1223,-1113,-1164,-1183,-1180,-1236,-1280,-1120,-1248,-1248,-1250,-1158,-1388,-880,-902,-860,-992,-955,-940,-960,-1106,-1103,-1184,-1086,-1180,-1051,-1108,-1120,-1562,-1583]} 1. d4 e6 2. Bf4 d5 3. c3 a6 4. e3 Bd6 5. Qg4 g6 6. Qf3 Bxf4 7. exf4 Ne7 8. Bd3 b6 9. Nd2 Bb7 10. h4 Nbc6 11. h5 f5 12. O-O-O Qd7 13. g4 O-O-O 14. Ne2 Kb8 15. Nb3 Na7 16. c4 dxc4 17. Bxc4 Bxf3 18. Rhe1 Bxe2 19. Rxe2 Nd5 20. Rde1 Nxf4 21. Re3 Rhe8 22. Bxa6 Qc6+ 23. Rc3 Qg2 24. Rf1 Ne2+ 25. Bxe2 fxg4 26. Rg3 Qc6+ 27. Kb1 gxh5 28. a4 Qxa4 29. Rc1 Qd7 30. Rgc3 c6 31. Bd3 e5 32. Be4 exd4 33. Bxc6 Nxc6 34. Rxc6 Qf5+ 35. Ka2 Qb5 36. R1c4 Qa6+ 37. Kb1 Re1+ 38. Kc2 d3+ 39. Kc3 Re2 40. Rb4 Rc2# 0-1

[Event "26. Offene Hamburger SEM 2019 65+"]
[Site "Hamburg"]
[Date "2019.11.18"]
[Round "8.4"]
[White "Ditmas, Hugh"]
[Black "Emami, Madjid"]
[Result "0-1"]
[WhiteElo "1888"]
[BlackElo "1907"]
[PlyCount "54"]
[EventDate "2019.??.??"]
[WhiteTeam "Bremer SG von 1877"]
[BlackTeam "Hamburger SK von 1830 eV"]

{[%evp 0,54,19,25,63,51,41,25,47,18,27,12,12,10,2,-44,-39,-92,-52,-66,-48,-63,-56,-51,-6,-22,-25,-4,-22,2,19,-34,10,-35,-33,-35,-1,-62,-91,-125,0,40,30,-100,-105,-143,-22,0,0,0,0,-931,-631,-29987,-29988,-29995,-29996]} 1. d4 g6 2. c4 Bg7 3. e4 Nc6 4. Be3 e5 5. d5 Nd4 6. Ne2 c5 7. dxc6 dxc6 8. Nbc3 Ne7 9. Qd2 O-O 10. O-O-O c5 11. f3 Nec6 12. Nd5 Be6 13. Nec3 Qa5 14. Kb1 a6 15. Bh6 b5 16. Bxg7 Kxg7 17. Bd3 Rab8 18. f4 bxc4 19. Bxc4 Rb7 20. f5 Bxd5 21. Nxd5 Rfb8 22. f6+ Kf8 23. Qh6+ Ke8 24. Rd2 Qa3 25. b4 Nxb4 26. Rb2 Nd3 27. Rxb7 Rxb7+ 0-1

[Event "26. Offene Hamburger SEM 2019 65+"]
[Site "Hamburg"]
[Date "2019.11.18"]
[Round "8.5"]
[White "Gollasch, Theo-Heinz"]
[Black "Kornrumpf, Joachim"]
[Result "1/2-1/2"]
[WhiteElo "1944"]
[BlackElo "2054"]
[PlyCount "132"]
[EventDate "2019.??.??"]
[WhiteTeam "Hamburger SK von 1830 eV"]
[BlackTeam "Preetzer TSV"]

{[%evp 0,70,19,30,53,1,69,59,60,61,41,24,42,21,7,-7,3,7,19,21,54,55,45,48,54,49,59,53,61,23,54,33,46,47,46,39,57,46,46,66,66,60,62,62,60,60,65,51,53,-8,44,-12,-12,-8,0,1,1,7,47,37,28,30,43,-37,59,59,59,59,104,98,83,74,87]} 1. Nf3 c5 2. g3 b6 3. Bg2 Bb7 4. O-O Nf6 5. d4 cxd4 6. Qxd4 e6 7. c4 Be7 8. Nc3 d6 9. Rd1 a6 10. b3 Nbd7 11. Nd2 Bxg2 12. Kxg2 O-O 13. Nde4 Ne8 14. f3 Rc8 15. h4 h6 16. Ba3 Nc5 17. Qe3 Qc7 18. Rd2 Rd8 19. Rad1 Nf6 20. Nxf6+ Bxf6 21. Ne4 Be7 22. Bb2 Rfe8 23. Kh3 Bf8 24. Bd4 f5 25. Bxc5 bxc5 26. Nc3 Qf7 27. f4 Be7 28. Qf3 Qg6 29. e4 Bf6 30. exf5 exf5 31. Ne2 Be7 32. h5 Qf6 33. Nc3 Bf8 34. Nd5 Qf7 35. Rd3 Re6 36. Re3 Rxe3 37. Nxe3 Re8 38. Rd3 Re4 39. Rd5 Qe6 40. Nxf5 Re1 41. g4 Ra1 42. Rd2 Qf6 43. Re2 Rc1 44. Ng3 Rc3 45. Re3 Rc2 46. Re2 Rc3 47. Qe4 Kh8 48. Rc2 Rxc2 49. Qxc2 Qxf4 50. Qf5 Qxf5 51. Nxf5 Kg8 52. Kg3 Kf7 53. Kf4 Kf6 54. Ne3 g6 55. Nd5+ Kf7 56. a4 a5 57. Ke4 gxh5 58. gxh5 Ke6 59. Kf4 Bg7 60. Nc7+ Kd7 61. Nd5 Ke6 62. Ne3 Be5+ 63. Ke4 Bf6 64. Nd5 Bg5 65. Nb6 Bd2 66. Nc8 Be1 1/2-1/2

[Event "26. Offene Hamburger SEM 2019 65+"]
[Site "Hamburg"]
[Date "2019.11.18"]
[Round "8.6"]
[White "Marquardt, Rolf"]
[Black "Porth, Hartmut"]
[Result "0-1"]
[WhiteElo "1632"]
[BlackElo "1990"]
[PlyCount "46"]
[EventDate "2019.??.??"]
[WhiteTeam "Langenhorner SF 1928"]
[BlackTeam "SV Bargteheide"]

{[%evp 0,40,19,14,72,45,45,42,40,36,48,40,44,10,19,-3,16,-28,13,-5,20,4,4,-233,-224,-224,-220,-278,-222,-318,-296,-155,-286,-415,-415,-421,-414,-437,-494,-532,-560,-568,-611]} 1. d4 g6 2. Bf4 Nf6 3. e3 Bg7 4. Nf3 d6 5. h3 O-O 6. c3 Nbd7 7. Bc4 c6 8. a4 a5 9. Qb3 d5 10. Be2 Ne4 11. Ng5 e5 12. Nxe4 exf4 13. Nd6 fxe3 14. O-O exf2+ 15. Rxf2 Bh6 16. Rf3 Qe7 17. Nxc8 Qxe2 18. Nb6 Nxb6 19. Qxb6 Qe1+ 20. Kh2 Rae8 21. Qc7 Be3 22. Rxe3 Rxe3 23. Qf4 Rfe8 0-1

[Event "26. Offene Hamburger SEM 2019 65+"]
[Site "Hamburg"]
[Date "2019.11.18"]
[Round "8.7"]
[White "Pfitzer, Norbert"]
[Black "Villing, Dieter"]
[Result "1/2-1/2"]
[Annotator "DATA"]
[WhiteElo "1955"]
[BlackElo "1956"]
[PlyCount "52"]
[EventDate "2019.??.??"]
[WhiteTeam "SV Backnang"]
[BlackTeam "SK 1912 Ludwigshafen"]

{[%evp 0,52,19,31,54,59,73,67,84,55,53,13,66,47,46,48,48,23,23,-11,-8,4,61,-18,27,5,29,-71,80,-120,74,-98,2,-60,-123,-131,-188,-150,-306,-173,-114,-354,-246,-323,-323,-323,-153,-228,-186,-298,-70,-344,11,-132,0]} 1. d4 d6 2. e4 Nf6 3. Nc3 c6 4. Be2 b5 5. f3 a6 6. Be3 Nbd7 7. Qd2 e5 8. g4 h6 9. h4 Bb7 10. Nh3 Qe7 11. O-O O-O-O 12. Bd3 d5 13. Qe1 Qe6 14. Kh2 Be7 15. Rd1 Kb8 16. g5 Nh5 17. Rg1 exd4 18. Bxd4 c5 19. Bf2 d4 20. Nb1 Qxa2 21. Nd2 Bd6+ 22. Kh1 Nf4 23. Bf1 Ne6 24. b3 Ba8 25. c4 Bc7 26. b4 Ne5 {Rest nicht lesbar} 1/2-1/2

[Event "26. Offene Hamburger SEM 2019 65+"]
[Site "Hamburg"]
[Date "2019.11.18"]
[Round "8.8"]
[White "Krotofil, Kurt"]
[Black "Chmielewski, Axel"]
[Result "1/2-1/2"]
[WhiteElo "1756"]
[BlackElo "1746"]
[PlyCount "118"]
[EventDate "2019.??.??"]
[WhiteTeam "Niendorfer TSV 1919 SAbt"]
[BlackTeam "Volksdorfer SK 1948"]

{[%evp 0,63,19,28,29,-32,5,-12,9,-1,3,5,4,17,19,18,17,7,7,7,18,7,-6,-8,-1,-13,6,2,28,0,-7,-3,2,-31,22,27,39,11,9,-12,0,-25,-13,-39,-43,-35,-39,-45,-27,14,10,7,27,4,26,-19,-24,-120,-135,-149,7,6,18,23,35,35]} 1. d4 Nf6 2. c4 e6 3. Bg5 Bb4+ 4. Nd2 h6 5. Bxf6 Qxf6 6. e3 b6 7. Ngf3 Bb7 8. Be2 O-O 9. O-O Bxd2 10. Qxd2 d6 11. Rac1 Nd7 12. Rfd1 Rfe8 13. b4 Rad8 14. Qc3 c5 15. b5 cxd4 16. exd4 Rc8 17. Qa3 Qe7 18. Ne1 Rc7 19. Nc2 Rec8 20. Ne1 Nf6 21. Rc2 Be4 22. Rc3 Qf8 23. f3 Ba8 24. Rdc1 Qd8 25. Nd3 Nh5 26. g3 g6 27. f4 Ng7 28. Nf2 Nf5 29. Rd1 h5 30. c5 Qf6 31. c6 Nxd4 32. Bf1 d5 33. Qb4 Nf5 34. Rcd3 a5 35. Qb3 Nd6 36. a4 Kf8 37. Qc3 Qxc3 38. Rxc3 Ke7 39. Bg2 Rd8 40. Re3 Kf8 41. Nd3 Nf5 42. Ree1 Ne7 43. Ne5 Kg7 44. Rc1 Kg8 45. Nd7 Rcxd7 46. cxd7 Rxd7 47. Rc2 Kf8 48. Rec1 Ke8 49. Rc7 Kd8 50. Rxd7+ Kxd7 51. Kf2 Nf5 52. h3 Nd4 53. Rc3 Nf5 54. g4 hxg4 55. hxg4 Nd6 56. Rh3 Bb7 57. Rh7 Ke7 58. Ke2 Nc4 59. Rh8 Nd6 1/2-1/2

[Event "26. Offene Hamburger SEM 2019 65+"]
[Site "Hamburg"]
[Date "2019.11.18"]
[Round "8.9"]
[White "Eberhardt, Michael"]
[Black "Neldner, Frank"]
[Result "0-1"]
[Annotator "DATA"]
[WhiteElo "1487"]
[BlackElo "1482"]
[PlyCount "110"]
[EventDate "2019.??.??"]
[WhiteTeam "SC Agon Neumuenster"]
[BlackTeam "Hamburger SK von 1830 eV"]

{[%evp 0,64,28,23,36,34,49,27,45,40,45,43,48,37,39,6,28,39,51,40,35,-39,25,22,12,-4,-21,-53,-53,-52,-52,-58,-53,-56,-55,-101,-74,-103,-103,-102,-50,-53,-51,-51,-18,-87,-13,-27,-15,-22,-16,-49,-39,-556,-548,-541,-523,-631,-639,-794,-781,-794,-760,-745,-769,-772,-799]} 1. d4 Nf6 2. Nf3 g6 3. c4 Bg7 4. Nc3 O-O 5. e4 d6 6. Be2 Nbd7 7. Bg5 e5 8. dxe5 dxe5 9. Qd2 c6 10. Bh6 Qe7 11. Bxg7 Kxg7 12. Rd1 Nc5 13. Qc2 Bg4 14. O-O Rad8 15. h3 Bxf3 16. Bxf3 Ne6 17. Rxd8 Rxd8 18. Rd1 Nd4 19. Qd3 Nxf3+ 20. Qxf3 Rxd1+ 21. Qxd1 Nd7 22. a3 Nc5 23. b4 Ne6 24. c5 Nd4 25. Qb1 Qe6 26. Kf1 Qc4+ 27. Kg1 Qxc3 28. Qd1 Qxa3 29. f4 Qe3+ 30. Kh1 Qxf4 31. Qd3 Qc1+ 32. Kh2 Qb2 33. Qg3 f6 34. Qg4 f5 35. exf5 Nxf5 36. Qf3 Qxb4 37. g4 Qf4+ 38. Qxf4 exf4 39. gxf5 a5 40. fxg6 a4 41. gxh7 Kxh7 42. Kg2 a3 43. Kf3 a2 44. Kxf4 a1=Q 45. h4 Qd4+ 46. Kf5 Qxh4 47. Ke6 Qd4 48. Ke7 Qxc5+ 49. Kd7 b5 50. Kc7 b4 51. Kb7 Qb5+ 52. Ka7 b3 53. Ka8 b2 54. Ka7 b1=Q 55. Ka8 Qa1# {Turm statt 2. Dame genommen} 0-1

[Event "26. Offene Hamburger SEM 2019 65+"]
[Site "Hamburg"]
[Date "2019.11.18"]
[Round "8.10"]
[White "Schulz, Wolfgang"]
[Black "Wilke, Wolfgang"]
[Result "1-0"]
[WhiteElo "1907"]
[BlackElo "1605"]
[PlyCount "63"]
[EventDate "2019.??.??"]
[WhiteTeam "Hamburger SK von 1830 eV"]
[BlackTeam "SV Grosshansdorf"]

{[%evp 0,62,19,6,19,19,13,10,13,27,20,-35,-10,-12,-13,-19,-5,-22,-21,-11,5,6,6,-6,10,15,74,77,240,245,504,505,506,519,569,584,628,634,643,479,474,479,479,443,435,457,486,499,505,499,538,517,534,537,585,523,555,547,566,586,2115,523,1003,1003,1003]} 1. e4 e5 2. Nf3 Nc6 3. Bb5 Nf6 4. d3 d6 5. c3 a6 6. Ba4 Be7 7. O-O O-O 8. Nbd2 b5 9. Bc2 Bg4 10. h3 Bh5 11. Re1 Nd7 12. Nf1 f5 13. exf5 Rxf5 14. g4 Rxf3 15. Qxf3 Bf7 16. Qxc6 Nf6 17. Bb3 d5 18. Rxe5 Bd6 19. Rxd5 Nxd5 20. Bxd5 Bh2+ 21. Nxh2 Bxd5 22. Qc5 Qd7 23. Bf4 Re8 24. Nf1 c6 25. Ne3 Bf3 26. d4 g6 27. Qd6 Qf7 28. Be5 Rf8 29. g5 Be4 30. Qf6 Qd7 31. Qh8+ Kf7 32. Qxh7+ 1-0

[Event "26. Offene Hamburger SEM 2019 65+"]
[Site "Hamburg"]
[Date "2019.11.18"]
[Round "8.11"]
[White "Tscherepanov, Leon"]
[Black "Keunecke, Hanno"]
[Result "1-0"]
[WhiteElo "1732"]
[BlackElo "1675"]
[PlyCount "99"]
[EventDate "2019.??.??"]
[WhiteTeam "Hamburger SK von 1830 eV"]
[BlackTeam "Langenhorner SF 1928"]

{[%evp 0,66,19,31,34,-11,56,40,33,37,44,44,45,41,33,23,41,49,82,48,65,66,71,45,30,21,67,43,30,21,69,39,45,17,62,62,41,29,208,118,103,109,299,309,505,450,443,441,441,456,519,716,777,782,1091,568,570,517,474,451,581,549,682,546,667,371,371,371,371]} 1. d4 Nf6 2. c4 g6 3. Nc3 Bg7 4. e4 d6 5. Nf3 O-O 6. Be2 c5 7. d5 a6 8. O-O Bd7 9. a4 a5 10. h3 Na6 11. Ne1 Nb4 12. Nd3 e5 13. f4 exf4 14. Bxf4 Ne8 15. Qd2 Bd4+ 16. Kh2 f5 17. exf5 Bxf5 18. Nxb4 cxb4 19. Nb5 Bc5 20. Bh6 Rf7 21. g4 Bd7 22. Rxf7 Kxf7 23. Rf1+ Nf6 24. Bg5 Bf5 25. gxf5 Ne4 26. fxg6+ Kxg6 27. Bxd8 Nxd2 28. Bd3+ Kg7 29. Bf6+ Kf7 30. Rf5 Nb3 31. Bd4+ Ke7 32. Bxc5 Nxc5 33. Bc2 b3 34. Bb1 Nxa4 35. Rh5 Nxb2 36. Rxh7+ Kf6 37. Rh6+ Kg5 38. Rg6+ Kh5 39. Na3 Re8 40. Re6 Rf8 41. Bg6+ Kg5 42. Rxd6 Rf1 43. Rb6 Nxc4 44. Nxc4 a4 45. Be8 Rf2+ 46. Kg3 Rc2 47. Ne3 Rc6 48. dxc6 bxc6 49. Rxc6 a3 50. h4# 1-0

[Event "26. Offene Hamburger SEM 2019 65+"]
[Site "Hamburg"]
[Date "2019.11.18"]
[Round "8.12"]
[White "Schmeichel, Wolfgang"]
[Black "Hinke, Gerhard"]
[Result "1-0"]
[WhiteElo "1563"]
[BlackElo "1470"]
[PlyCount "126"]
[EventDate "2019.??.??"]
[WhiteTeam "SF Wedel eV"]
[BlackTeam "Mummelmannsberger SV"]

{[%evp 0,79,19,25,41,46,29,37,37,45,51,54,53,53,34,88,30,16,80,33,31,26,48,43,43,43,43,43,43,39,54,50,62,74,65,64,84,81,99,107,104,63,70,64,90,64,87,82,88,75,72,80,86,89,116,84,89,60,179,178,189,192,200,197,192,143,115,116,183,159,186,174,174,189,216,138,159,161,155,132,136,124]} 1. e4 e6 2. d4 d5 3. Nc3 dxe4 4. Nxe4 Nd7 5. Nf3 Ngf6 6. Bd3 b6 7. Nxf6+ Nxf6 8. Bg5 Bd7 9. Be4 Rc8 10. Ne5 Be7 11. Bxf6 Bxf6 12. Nc6 Bxc6 13. Bxc6+ Kf8 14. c3 Qd6 15. Qf3 Qe7 16. O-O g6 17. Rfe1 Bg5 18. d5 e5 19. Qe2 f6 20. Qa6 Kg7 21. Qxa7 h5 22. Rad1 Qd6 23. Qa4 f5 24. h4 Bf6 25. g3 Kh6 26. Qc2 Rhg8 27. Qd2+ Kh7 28. f4 exf4 29. Re6 Qc5+ 30. Kg2 Rcf8 31. Qxf4 Rg7 32. Qf2 Qxf2+ 33. Kxf2 g5 34. hxg5 Rxg5 35. d6 cxd6 36. Rdxd6 Kg7 37. Rd7+ Rf7 38. Kf3 Rg4 39. Rxf7+ Kxf7 40. Bd5 Kg7 41. Rxb6 Be5 42. Rb7+ Kh6 43. c4 Rxg3+ 44. Kf2 h4 45. b4 h3 46. Re7 Bb8 47. Re8 Bc7 48. Rh8+ Kg5 49. Rg8+ Kh4 50. Rxg3 Bxg3+ 51. Ke2 Be5 52. Kf3 Kg5 53. a4 Kf6 54. a5 Bc7 55. a6 Bb8 56. b5 Ba7 57. Kg3 Ke5 58. Kxh3 Kd6 59. Kg3 Kc7 60. Kf4 Kb6 61. Kxf5 Bb8 62. Ke6 Bc7 63. Kd7 Be5 1-0

[Event "26. Offene Hamburger SEM 2019 65+"]
[Site "Hamburg"]
[Date "2019.11.18"]
[Round "8.13"]
[White "Geissler, Karl-Heinz"]
[Black "Werner, Joern"]
[Result "1-0"]
[WhiteElo "1504"]
[BlackElo "1560"]
[PlyCount "141"]
[EventDate "2019.??.??"]
[WhiteTeam "Mummelmannsberger SV"]
[BlackTeam "SK Wilhelmsburg 1936 eV"]

{[%evp 0,121,19,31,25,30,26,12,12,5,39,19,19,27,61,39,39,53,51,35,61,42,67,65,94,90,131,96,121,93,92,81,275,275,275,275,510,527,533,551,796,331,331,339,468,263,276,279,266,189,215,177,199,188,188,151,147,131,135,104,113,115,115,115,131,115,115,96,96,107,81,30,30,30,131,137,142,142,142,118,152,152,155,160,160,72,163,56,68,77,86,69,104,99,142,148,142,165,173,150,175,154,141,111,182,148,217,212,240,240,290,218,205,195,221,220,220,201,208,212,209,209,211,191]} 1. d4 Nf6 2. Nf3 d5 3. e3 e6 4. Be2 h6 5. a3 Bd6 6. c4 c5 7. dxc5 Bxc5 8. b4 Bd6 9. O-O O-O 10. Bb2 Qe7 11. cxd5 Nxd5 12. Nbd2 Nf6 13. Bxf6 gxf6 14. Ne4 Bc7 15. Rc1 f5 16. Rxc7 Qxc7 17. Nf6+ Kh8 18. Qa1 e5 19. Nxe5 Rg8 20. Nxg8 Kxg8 21. Rc1 Qd8 22. Qc3 Be6 23. Rd1 Qe7 24. f4 Kh7 25. Kf2 Na6 26. Bxa6 bxa6 27. g3 Rc8 28. Qd3 Qc7 29. Ke1 Qc3+ 30. Qxc3 Rxc3 31. Rd3 Rc2 32. Rd2 Rc1+ 33. Ke2 Ra1 34. Nc6 Rxa3 35. Nd4 Bc4+ 36. Kf2 Ra1 37. Nxf5 Rf1+ 38. Kg2 Rb1 39. Nd6 Bf1+ 40. Kf2 Kg8 41. e4 Bh3 42. Nf5 h5 43. Nd4 Rxb4 44. e5 Rb1 45. Ke3 a5 46. Ra2 Rh1 47. Nf3 Bg4 48. Rxa5 Rb1 49. Ra3 a5 50. Ng5 Rb5 51. Kd4 Bd7 52. Kc3 a4 53. Ne4 Be6 54. Nf6+ Kh8 55. Nxh5 Bb3 56. Ra1 Rb7 57. Nf6 Rc7+ 58. Kb4 Rc4+ 59. Ka3 Rc2 60. Rh1 Rc3 61. Ra1 Rc2 62. h4 Rc3 63. Ne4 Re3 64. Nc5 Rxg3 65. Nxb3 Rg4 66. Nc5 Rxf4 67. h5 Rf5 68. Nd7 Rxh5 69. Rg1 Rh3+ 70. Kxa4 Rd3 71. Nf6 1-0

[Event "26. Offene Hamburger SEM 2019 65+"]
[Site "Hamburg"]
[Date "2019.11.18"]
[Round "8.14"]
[White "Duemmke, Juergen"]
[Black "Hawranke, Dietrich"]
[Result "1/2-1/2"]
[Annotator "DATA"]
[WhiteElo "1831"]
[BlackElo "2044"]
[PlyCount "85"]
[EventDate "2019.??.??"]
[WhiteTeam "SV Grosshansdorf"]
[BlackTeam "Pinneberg SC 1932 eV"]

{[%evp 0,71,19,6,41,17,46,3,13,18,18,-36,-26,-28,2,7,-11,-63,5,-4,-11,-27,-26,-62,-30,-26,-39,-24,1,-6,8,32,28,36,33,15,4,16,30,34,35,28,21,21,74,69,58,68,52,42,87,0,87,91,94,85,86,27,22,23,83,17,22,3,0,-25,-45,-34,-33,-73,-53,-87,-86,-263]} 1. e4 c5 2. c3 d6 3. Bb5+ Bd7 4. Bxd7+ Nxd7 5. d4 Ngf6 6. Qe2 Qc7 7. Nf3 cxd4 8. Nxd4 g6 9. O-O Bg7 10. Nd2 O-O 11. f3 Rac8 12. Rd1 (12. Re1 a6 13. Nf1 b5 14. a4 bxa4 15. Rxa4 Nc5 16. Ra3 a5 17. Ne3 a4 18. Nd5 Qb7 19. Qb5 Rb8 20. Qxb7 Rxb7 21. Nc6 Re8 22. Ndxe7+ Rexe7 23. Nxe7+ Rxe7) 12... a6 13. Nf1 b5 14. a4 bxa4 15. Rxa4 Nc5 16. Ra3 a5 17. Ne3 a4 18. Nd5 Qb7 19. Qb5 Rb8 20. Qxb7 Rxb7 21. Nc6 Re8 22. Ndxe7+ Rexe7 23. Nxe7+ Rxe7 24. Rxd6 Rd7 25. Bf4 Rxd6 26. Bxd6 Nfd7 27. Kf1 Be5 28. Bxe5 Nxe5 29. Ke2 Kf8 30. Ra1 Ke7 31. Rd1 Nc4 32. Rd5 Nb3 33. Rb5 Nxb2 34. f4 Kd7 35. Rb7+ Kc6 36. Rxf7 a3 37. Ra7 a2 38. f5 gxf5 39. exf5 a1=Q 40. Rxa1 Nxa1 41. g4 Kd5 42. g5 Ke5 43. g6 1/2-1/2

[Event "26. Offene Hamburger SEM 2019 65+"]
[Site "Hamburg"]
[Date "2019.11.18"]
[Round "8.15"]
[White "Frackowiak, Stanislaw"]
[Black "Flader, Willi"]
[Result "1-0"]
[WhiteElo "1550"]
[BlackElo "1319"]
[PlyCount "83"]
[EventDate "2019.??.??"]
[WhiteTeam "Hamburger SK von 1830 eV"]
[BlackTeam "SC Schwarz-Weiss Harburg"]

{[%evp 0,83,19,25,27,27,27,10,7,19,7,-28,-20,-22,-25,-13,2,-12,4,7,50,37,582,555,568,570,582,536,700,289,298,224,253,185,239,227,309,299,298,294,451,451,451,451,451,423,674,406,469,471,501,471,567,424,482,443,422,407,427,411,471,442,1146,349,368,350,1173,448,702,704,1196,517,631,639,1326,668,1633,515,1287,1433,2488,1733,29987,29988,29999,-30000]} 1. d4 Nf6 2. Nf3 d5 3. e3 e6 4. Bd3 c5 5. c3 Bd6 6. Nbd2 Nc6 7. O-O O-O 8. e4 dxe4 9. Nxe4 cxd4 10. Nxf6+ Qxf6 11. Bg5 Qxg5 12. Nxg5 h6 13. Qh5 Ne5 14. cxd4 Nxd3 15. Nf3 Bd7 16. b3 Bc6 17. g3 g6 18. Qxh6 Bxf3 19. Qe3 Nxf2 20. Qxf3 Nh3+ 21. Kg2 Ng5 22. Qxb7 a5 23. Rac1 Rab8 24. Qc6 Bb4 25. Rc4 Kg7 26. Rfc1 Rh8 27. Qd7 Rbd8 28. Qc7 Rd5 29. Rf1 Rhd8 30. h4 Bd6 31. Qc6 Nh7 32. Qb6 f5 33. Qb7+ Kh6 34. Qf7 e5 35. dxe5 Bxe5 36. Rc6 Bd6 37. Re1 Rf8 38. Qa7 Bb4 39. Ree6 Rg8 40. Qe3+ Kh5 41. Rc7 Nf8 42. Qg5# 1-0